ბათუმის შოთა რუსთაველის სახელმწიფო უნივერსიტეტის ბიბლიოთეკა

The Art of Strategic Decision-Making: (ბიბ.ჩანაწერი № 62295)

000 -LEADER
fixed length control field 00823nam a22001937a 4500
005 - DATE AND TIME OF LATEST TRANSACTION
control field 20240919155415.0
008 - FIXED-LENGTH DATA ELEMENTS--GENERAL INFORMATION
fixed length control field 240919s2021 enk||||| |||| 00| 0 eng d
020 ## - INTERNATIONAL STANDARD BOOK NUMBER
International Standard Book Number 9798509236556x
041 ## - LANGUAGE CODE
Language code of text/sound track or separate title eng
080 ## - UNIVERSAL DECIMAL CLASSIFICATION NUMBER
Universal Decimal Classification number 159.9 H-75
100 ## - MAIN ENTRY--PERSONAL NAME
Personal name Hollins, Peter
9 (RLIN) 23246
245 ## - TITLE STATEMENT
Title The Art of Strategic Decision-Making:
Remainder of title How to Make Tough Decisions Quickly, Intelligently, and Safely /
Statement of responsibility, etc. Peter Hollins.
264 ## - PRODUCTION, PUBLICATION, DISTRIBUTION, MANUFACTURE, AND COPYRIGHT NOTICE
Place of production, publication, distribution, manufacture London,
Date of production, publication, distribution, manufacture, or copyright notice 2021.
300 ## - PHYSICAL DESCRIPTION
Extent 206 p.;
Other physical details 21 cm.
653 ## - INDEX TERM--UNCONTROLLED
keyword სტრატეგიული გადაწყვეტილების მიღების ხელოვნება
653 ## - INDEX TERM--UNCONTROLLED
keyword გადაწყვეტილებები სწრაფად, ჭკვიანურად და უსაფრთხოდ
653 ## - INDEX TERM--UNCONTROLLED
keyword ფსიქოლოგია
942 ## - ADDED ENTRY ELEMENTS (KOHA)
Source of classification or shelving scheme
Koha item type წიგნი
ეგზემპლარები
Withdrawn status Lost status Source of classification or shelving scheme Damaged status Not for loan Permanent Location Current Location Shelving location Date acquired Cost, normal purchase price Full call number Barcode Date last seen Copy number Price effective from Koha item type Public note
          ბათუმის შოთა რუსთაველის სახელმწიფო უნივერსიტეტის მთავარი ბიბლიოთეკა ბათუმის შოთა რუსთაველის სახელმწიფო უნივერსიტეტის მთავარი ბიბლიოთეკა წიგნსაცავი 2024-09-19 70.00 159.9 H-75 68885 2024-09-19 68885 2024-09-19 წიგნი 70 ლ.